Music Quiz

Random Music or Song Quiz

Guess The Bring Me The Horizon Song Quiz Stats

 Plays Quiz not verified by Sporcle

Challenge
Share
Tweet
Embed
Score 0/20 Timer 05:00
1 Play Today
% Correct
Throne
84.2%
Sleepwalking
81.3%
Antivist
71.7%
Diamonds Aren't Forever
68.3%
It Never Ends
67.3%
The House Of Wolves
67.3%
Happy Song
64.8%
Follow You
64.6%
True Friends
64.5%
Hospital For Souls
56.2%
% Correct
Don't Go
56.1%
What You Need
55.9%
Blessed With A Curse
51.8%
Join The Club
48.5%
Suicide Season
43.7%
Crucify Me
42.9%
****
37.7%
Blacklist
27.9%
Home Sweet Hole
26.9%
The Fox And The Wolf
25.8%

You're not logged in!

Compare scores with friends on all Sporcle quizzes.
OR
Log In

You Might Also Like...

Show Comments

Extras

Top Quizzes Today


Score Distribution

Your Account Isn't Verified!

In order to create a playlist on Sporcle, you need to verify the email address you used during registration. Go to your Sporcle Settings to finish the process.

Report this User

Report this user for behavior that violates our Community Guidelines.

Details: